<?xml version="1.0" encoding="UTF-8"?><?xml-stylesheet type="text/xsl" href="static/style.xsl"?><OAI-PMH xmlns="http://www.openarchives.org/OAI/2.0/" xmlns:xsi="http://www.w3.org/2001/XMLSchema-instance" xsi:schemaLocation="http://www.openarchives.org/OAI/2.0/ http://www.openarchives.org/OAI/2.0/OAI-PMH.xsd"><responseDate>2026-04-13T13:13:22Z</responseDate><request verb="GetRecord" identifier="oai:www.recercat.cat:2117/76326" metadataPrefix="marc">https://recercat.cat/oai/request</request><GetRecord><record><header><identifier>oai:recercat.cat:2117/76326</identifier><datestamp>2025-07-23T02:23:29Z</datestamp><setSpec>com_2072_1033</setSpec><setSpec>col_2072_452951</setSpec></header><metadata><record xmlns="http://www.loc.gov/MARC21/slim" xmlns:dcterms="http://purl.org/dc/terms/" xmlns:xsi="http://www.w3.org/2001/XMLSchema-instance" xmlns:doc="http://www.lyncode.com/xoai" xsi:schemaLocation="http://www.loc.gov/MARC21/slim http://www.loc.gov/standards/marcxml/schema/MARC21slim.xsd">
   <leader>00925njm 22002777a 4500</leader>
   <datafield ind2=" " ind1=" " tag="042">
      <subfield code="a">dc</subfield>
   </datafield>
   <datafield ind2=" " ind1=" " tag="720">
      <subfield code="a">Avila Fumanal, Lluís</subfield>
      <subfield code="e">author</subfield>
   </datafield>
   <datafield ind2=" " ind1=" " tag="260">
      <subfield code="c">2015-04-16</subfield>
   </datafield>
   <datafield ind2=" " ind1=" " tag="520">
      <subfield code="a">L’Escola Municipal Arc Iris és una de les escoles públiques amb més renom de Barcelona. La seva característica distribució, dividint el conjunt escolar en quatre edificis, la constant presència de la natura en forma d’espais de bosc, jardins i horts, el seu model educatiu i la seva privilegiada situació i vistes de la ciutat fan que sigui un lloc quasi inigualable. No obstant, tot i la seva destacada posició, no existeix molta documentació de l’escola, ja sigui gràfica o escrita, i encara menys publicacions dedicades, quedant l’Arc Iris com a una simple figura a citar a diferents reculls realitzats per l’Ajuntament o altres organismes relacionats. L’objectiu del present Treball de Fi de Grau ha estat primordialment el de posar fi a aquest buit documental amb un estudi d’aquest recinte tenint com a gran protagonista l’edifici principal o primer pavelló, el qual es tracta d’una antiga masia que ha passat per diferents rehabilitacions i ampliacions. Gràcies al procés on el treball de recerca d’informació i el treball de camp (presa de mesures, fotografies, visites a arxius documentals...) realitzats han estat vitals, el lector podrà conèixer a fons, si vol, aquesta escola gràcies a tot el material presentat en forma de textos, plànols, fotografies i inclús models en tres dimensions. Com a autor d’aquest dossier, espero i desitjo que el treball realitzat resulti una lectura interessant per tal de poder mostrar al públic una mica millor aquest indret tant especial al mateix temps que ha resultat una eina d’aprenentatge on s’han posat en pràctica els coneixements adquirits als meus estudis.</subfield>
   </datafield>
   <datafield tag="653" ind2=" " ind1=" ">
      <subfield code="a">Àrees temàtiques de la UPC::Arquitectura::Sistemes de representació arquitectònica</subfield>
   </datafield>
   <datafield tag="653" ind2=" " ind1=" ">
      <subfield code="a">Àrees temàtiques de la UPC::Edificació::Elements constructius d'edificis</subfield>
   </datafield>
   <datafield tag="653" ind2=" " ind1=" ">
      <subfield code="a">Cultural property</subfield>
   </datafield>
   <datafield tag="653" ind2=" " ind1=" ">
      <subfield code="a">Farmhouses</subfield>
   </datafield>
   <datafield tag="653" ind2=" " ind1=" ">
      <subfield code="a">Schools</subfield>
   </datafield>
   <datafield tag="653" ind2=" " ind1=" ">
      <subfield code="a">Patrimoni històric -- Catalunya -- Barcelona</subfield>
   </datafield>
   <datafield tag="653" ind2=" " ind1=" ">
      <subfield code="a">Masos, masies, etc. -- Catalunya -- Barcelona</subfield>
   </datafield>
   <datafield tag="653" ind2=" " ind1=" ">
      <subfield code="a">Escola Arc Iris (Barcelona, Catalunya)</subfield>
   </datafield>
   <datafield tag="653" ind2=" " ind1=" ">
      <subfield code="a">Escoles -- Catalunya -- Barcelona</subfield>
   </datafield>
   <datafield ind2="0" ind1="0" tag="245">
      <subfield code="a">Escola Arc Iris. Arquitectura i història</subfield>
   </datafield>
</record></metadata></record></GetRecord></OAI-PMH>